00343nam a2200121Ia 4500008004100000041000800041082001700049100002000066245004500086260004900131300003200180365000900212240624s9999 xx 000 0 und d aeng a658.4092 BEN aBENNIS WARREN G aLEADING FOR A LIFETIME HOW DEFINING MOME c2007aBostonbHarvard Businesss School Press axxix, : 224 : p. : cm. ; 20 cb30